Normal view
MARC view
- JAVA 2
Entry Topical Term
001 - CONTROL NUMBER
- control field: 56762
003 - CONTROL NUMBER IDENTIFIER
- control field: NUST
005 - DATE AND TIME OF LATEST TRANSACTION
- control field: 20210628201754.0
008 - FIXED-LENGTH DATA ELEMENTS
- fixed length control field: 210628|| aca||aabn | a|a d
040 ## - CATALOGING SOURCE
- Original cataloging agency: NUST
- Transcribing agency: NUST
150 ## - HEADING--TOPICAL TERM
- Topical term or geographic name entry element: JAVA 2
670 ## - SOURCE DATA FOUND
- Source citation: Work cat.: (NUST): Canton, Maria.P Sanchez, Julio 56761, Java 2 programming , weekend crash course, 2001
